000 00608nam a22001937i 4500
999 _c23541
_d23541
003 AR-CdUCM
008 260304b20212021 pe||||| |||| 00| 0 spa d
020 _a978-612-4455-17-9
040 _aMUNICIPALIDAD PROVINCIAL DEL CUSCO
_cBIBLIOTECA MUNICIPAL DEL CUSCO
041 _hspa
082 _aEP / 869.56
_bW56
100 _aWilde, Oscar Fingal O'Flahertie Wills
_952377
245 _aEl gigante egoísta y otros cuentos /
260 _aHuánuco-Perú
_bEdiciones Rocinante E.I.R.L.
_c2021
300 _a62 páginas. :
_c23x17 cm.
505 _aCuentos
942 _2ddc
_cLIBROS
945 _apbjr
_d04-03-2026